[Event "Barreiro op 2nd"]
[Site "Barreiro"]
[Date "2014.03.29"]
[Round "2"]
[White "Casanova, Fernando Ricardo So"]
[Black "Correia, Jorge Paulo Cardoso"]
[Result "1-0"]
[WhiteElo "2063"]
[BlackElo "1748"]
[PlyCount "129"]
[EventDate "2014.03.28"]
[EventType "swiss"]
[EventRounds "7"]
[EventCountry "POR"]
[SourceTitle "EXT 2018"]
[Source "ChessBase"]
[SourceDate "2017.10.13"]
[SourceVersion "1"]
[SourceVersionDate "2017.10.13"]
[SourceQuality "1"]

1. g3 d5 2. Bg2 e5 3. c4 c6 4. Nf3 Bd6 5. 0-0 Na6 6. d3 Ne7 7. cxd5 Nxd5 8. Nc3 f6 9. d4 Be6 10. Ne4 exd4 11. Nxd4 Bc8 12. Nxd6+ Qxd6 13. e4 Ndc7 14. Bf4 Qe7 15. Nf5 Bxf5 16. exf5 Rd8 17. Qh5+ Qf7 18. Rfe1+ Kf8 19. Qe2 g5 20. fxg6 hxg6 21. Rad1 Kg7 22. Qg4 Rhe8 23. h4 Nd5 24. Bc1 Rxe1+ 25. Rxe1 Re8 26. Rd1 Nac7 27. h5 Re5 28. hxg6 Qxg6 29. Qc8 Qe8 30. Qg4+ Qg6 31. Qa4 Qe8 32. Rf1 a6 33. Qg4+ Kh8 34. Bf3 Qg8 35. Qh4+ Qh7 36. Qg4 Qf5 37. Qh4+ Qh7 38. Qd4 Nb5 39. Qc5 Qe7 40. Qc4 Nbc7 41. Kg2 Qb4 42. Rh1+ Kg8 43. Qd3 Qe7 44. Rh4 Ne6 45. Qg6+ Qg7 46. Qe8+ Nf8 47. Qc8 Qd7 48. Rg4+ Kf7 49. Qb8 Ng6 50. Qa7 Nde7 51. Qb6 Rb5 52. Qe3 Rh5 53. Rxg6 Qh3+ 54. Kg1 Nxg6 55. Qb3+ Kf8 56. Bxh5 Qxh5 57. Be3 b5 58. Qb4+ Kg8 59. Qd6 Ne5 60. Qxf6 Qd1+ 61. Kg2 Qd5+ 62. f3 Nc4 63. Bd4 Qd7 64. Qg6+ Kf8 65. Bc5+ 1-0

[Event "POR-ch qual"]
[Site "Amadora"]
[Date "2011.09.10"]
[Round "8"]
[White "Pires, Gustavo"]
[Black "Casanova, Fernando Ricardo So"]
[Result "1/2-1/2"]
[WhiteElo "2064"]
[BlackElo "2058"]
[PlyCount "62"]
[EventDate "2011.09.03"]
[EventType "swiss"]
[EventRounds "9"]
[EventCountry "POR"]
[SourceTitle "CBM 144 Extra"]
[Source "ChessBase"]
[SourceDate "2011.10.28"]
[SourceVersion "1"]
[SourceVersionDate "2011.10.28"]
[SourceQuality "1"]

1. e4 d6 2. d4 Nf6 3. Nc3 g6 4. Nf3 Bg7 5. Be3 c6 6. Qd2 Nbd7 7. Bd3 Ng4 8. Bg5 h6 9. Bh4 Qc7 10. h3 Ngf6 11. 0-0 e5 12. a4 a5 13. dxe5 dxe5 14. Rfd1 0-0 15. Bc4 Re8 16. Qd6 Qb6 17. Bxf6 Bxf6 18. Bb3 Kg7 19. Qd2 Be7 20. Ne2 Bb4 21. Qd3 Nf8 22. Ng3 f6 23. Qe2 Ne6 24. Qc4 Rf8 25. Qf1 Bc5 26. Rd2 Bb4 27. Rdd1 h5 28. Rab1 Ng5 29. Qe2 Ne6 30. Qf1 Nf4 31. Ne2 Ne6 1/2-1/2

[Event "POR-ch qual"]
[Site "Amadora"]
[Date "2011.09.07"]
[Round "5"]
[White "Casanova, Fernando Ricardo So"]
[Black "Ulyanovskyy, Viktor"]
[Result "1/2-1/2"]
[WhiteElo "2066"]
[BlackElo "2307"]
[PlyCount "156"]
[EventDate "2011.09.03"]
[EventType "swiss"]
[EventRounds "9"]
[EventCountry "POR"]
[SourceTitle "CBM 144 Extra"]
[Source "ChessBase"]
[SourceDate "2011.10.28"]
[SourceVersion "1"]
[SourceVersionDate "2011.10.28"]
[SourceQuality "1"]

1. g3 Nf6 2. Bg2 d5 3. Nf3 c6 4. 0-0 e6 5. d3 Bc5 6. c4 0-0 7. Nbd2 a6 8. b3 b5 9. Qc2 Qb6 10. Bb2 Ng4 11. d4 Be7 12. e4 Ra7 13. Rac1 a5 14. Rfe1 Qd8 15. Bf1 Bd7 16. Bd3 g6 17. h3 Nh6 18. Ne5 Be8 19. exd5 exd5 20. cxb5 cxb5 21. Nf1 Bb4 22. Re2 f6 23. Qc8 Qb6 24. Ng4 Nxg4 25. Rxe8 Nh6 26. Ne3 Rd7 27. Rc5 Bxc5 28. dxc5 Rd8 29. Rxf8+ Kxf8 30. cxb6 Rxc8 31. Bxb5 Nf5 32. Nxd5 Rd8 33. Bc4 Nd7 34. Ba3+ Kg7 35. g4 Nd4 36. Be7 Re8 37. b7 Rb8 38. Ba6 Kf7 39. Bd6 Rh8 40. b4 Ke6 41. b8Q Nxb8 42. Bxb8 Rxb8 43. Nf4+ Ke5 44. Nd3+ Ke4 45. bxa5 Nc6 46. Bb7 Rxb7 47. Nc5+ Kd5 48. Nxb7 Nb4 49. a6 Nxa6 50. Na5 Nb4 51. a3 Nc2 52. a4 Nd4 53. Kg2 Kc5 54. Nb7+ Kb4 55. a5 Kb5 56. Kg3 Ka6 57. Nd6 Kxa5 58. Ne8 f5 59. Kf4 fxg4 60. hxg4 h5 61. gxh5 gxh5 62. Kg5 Kb6 63. Kxh5 Kc6 64. Kg5 Kd5 65. Nf6+ Ke6 66. Ne4 Kf7 67. Kf4 Ke6 68. Nc5+ Kd5 69. Nd3 Ne2+ 70. Ke3 Nc3 71. Nf4+ Ke5 72. Nd3+ Kf5 73. f3 Nd5+ 74. Kd2 Kg5 75. Ne1 Kf4 76. Ke2 Nc3+ 77. Kf2 Nd1+ 78. Kg2 Ne3+ 1/2-1/2

[Event "POR-ch qual"]
[Site "Amadora"]
[Date "2011.09.03"]
[Round "1"]
[White "Casanova, Fernando Ricardo So"]
[Black "Frango, David Alexandre Pac"]
[Result "1-0"]
[WhiteElo "2066"]
[BlackElo "1704"]
[PlyCount "31"]
[EventDate "2011.09.03"]
[EventType "swiss"]
[EventRounds "9"]
[EventCountry "POR"]
[SourceTitle "CBM 144 Extra"]
[Source "ChessBase"]
[SourceDate "2011.10.28"]
[SourceVersion "1"]
[SourceVersionDate "2011.10.28"]
[SourceQuality "1"]

1. g3 Nf6 2. Bg2 c5 3. c4 e6 4. Nf3 Nc6 5. Nc3 d5 6. cxd5 exd5 7. d4 Bf5 8. 0-0 Nb4 9. Nh4 Bc2 10. Qd2 Ne4 11. Qe3 Qf6 12. dxc5 Bxc5 13. Nxe4 Bxe4 14. Qxc5 a5 15. Bxe4 dxe4 16. Bg5 1-0

[Event "POR-ch"]
[Site "Amadora"]
[Date "2010.09.09"]
[Round "6"]
[White "Casanova, Fernando Ricardo So"]
[Black "Neves, Pedro Alexandre Mai"]
[Result "1/2-1/2"]
[WhiteElo "2052"]
[BlackElo "2050"]
[PlyCount "75"]
[EventDate "2010.08.28"]
[EventType "swiss"]
[EventRounds "9"]
[EventCountry "POR"]
[SourceTitle "CBM 138 Extra"]
[Source "ChessBase"]
[SourceDate "2010.10.29"]
[SourceVersion "1"]
[SourceVersionDate "2010.10.29"]
[SourceQuality "1"]

1. c4 g6 2. Nc3 Bg7 3. g3 c5 4. Bg2 Nc6 5. e3 e5 6. Nge2 d6 7. d3 Nge7 8. 0-0 0-0 9. a3 Be6 10. Nd5 Qd7 11. Qa4 Nxd5 12. cxd5 Nd4 13. Qd1 Bg4 14. f3 Bh3 15. Bxh3 Nxe2+ 16. Qxe2 Qxh3 17. e4 Rfc8 18. Be3 b5 19. b4 a5 20. bxc5 dxc5 21. Rfc1 Bf8 22. Qf2 c4 23. dxc4 Rxc4 24. Rxc4 bxc4 25. Qc2 Qc8 26. Qc3 Bc5 27. Rc1 Qc7 28. Bxc5 Qxc5+ 29. Kg2 Qc7 30. Qe3 Rc8 31. Qc3 Qb8 32. Rc2 Qb1 33. Rc1 Qb8 34. Rc2 Qb1 35. Rc1 Qb8 36. Rc2 Qb1 37. Rb2 Qd3 38. Rc2 1/2-1/2

[Event "Wch U20 49th"]
[Site "Chotowa"]
[Date "2010.08.16"]
[Round "13"]
[White "Drnovsek, Nejc"]
[Black "Casanova, Fernando Ricardo So"]
[Result "1-0"]
[WhiteElo "2173"]
[BlackElo "2074"]
[PlyCount "65"]
[EventDate "2010.08.03"]
[EventType "swiss"]
[EventRounds "13"]
[EventCountry "POL"]
[SourceTitle "CBM 137 Extra"]
[Source "ChessBase"]
[SourceDate "2010.09.01"]
[SourceVersion "1"]
[SourceVersionDate "2010.09.01"]
[SourceQuality "1"]

1. d4 Nf6 2. c4 g6 3. Nc3 Bg7 4. g3 0-0 5. Bg2 d6 6. Nf3 Nbd7 7. 0-0 e5 8. h3 Re8 9. e4 exd4 10. Nxd4 a6 11. Re1 Rb8 12. a4 Ne5 13. b3 c5 14. Nc2 Qa5 15. Bb2 Be6 16. Rb1 Nfd7 17. Nd5 b5 18. f4 Nc6 19. Bxg7 Kxg7 20. axb5 axb5 21. Ra1 Qd8 22. Ra6 Qc8 23. Qa1+ f6 24. cxb5 Rxb5 25. Qa4 Qb7 26. Nc7 Qxc7 27. Qxb5 Nd4 28. Nxd4 cxd4 29. Rc6 Qb8 30. Qxb8 Rxb8 31. Rxd6 Kf7 32. Rxd4 Rxb3 33. f5 1-0

[Event "Wch U20 49th"]
[Site "Chotowa"]
[Date "2010.08.13"]
[Round "10"]
[White "Casanova, Fernando Ricardo So"]
[Black "Tran, Ngoc Lan"]
[Result "1/2-1/2"]
[WhiteElo "2074"]
[BlackElo "2218"]
[PlyCount "154"]
[EventDate "2010.08.03"]
[EventType "swiss"]
[EventRounds "13"]
[EventCountry "POL"]
[SourceTitle "CBM 137 Extra"]
[Source "ChessBase"]
[SourceDate "2010.09.01"]
[SourceVersion "1"]
[SourceVersionDate "2010.09.01"]
[SourceQuality "1"]

1. c4 e6 2. Nf3 d5 3. g3 dxc4 4. Qa4+ Bd7 5. Qxc4 Bc6 6. Bg2 Nf6 7. 0-0 Nbd7 8. d3 Bd6 9. a3 0-0 10. Qc2 Qe7 11. Nc3 Ne5 12. e4 Nxf3+ 13. Bxf3 e5 14. Bg2 Bc5 15. Nd1 Rad8 16. Ne3 Bxe3 17. Bxe3 Bb5 18. Bc5 Qd7 19. Rfd1 Qc6 20. Qc3 Rfe8 21. Bf1 b6 22. Be3 Qxc3 23. bxc3 Ba4 24. Rd2 Ng4 25. Bg2 Rd6 26. h3 Nxe3 27. fxe3 Red8 28. d4 Bb3 29. Rb1 Bc4 30. Bf3 b5 31. Be2 Rc6 32. Bxc4 Rxc4 33. Rd3 a6 34. Rb4 c5 35. Rxc4 bxc4 36. Rd2 cxd4 37. exd4 exd4 38. cxd4 c3 39. Rc2 Rxd4 40. Rxc3 Kf8 41. Re3 Ke7 42. Kf2 a5 43. Kf3 a4 44. Rc3 Rd1 45. Ke3 Ra1 46. Kd4 Kd6 47. Kc4 Ke5 48. Kb4 Kxe4 49. Kxa4 f5 50. Rc7 g5 51. Rxh7 f4 52. gxf4 gxf4 53. h4 f3 54. Rf7 Ke3 55. Re7+ Kf4 56. Rf7+ Kg3 57. Rg7+ Kxh4 58. Rh7+ Kg3 59. Rg7+ Kf4 60. Rf7+ Ke3 61. Re7+ Kd3 62. Rf7 Ke2 63. Re7+ Kf1 64. Kb4 f2 65. a4 Re1 66. Rf7 Ke2 67. a5 f1Q 68. Rxf1 Rxf1 69. Kb5 Kd3 70. a6 Rf7 71. Kb6 Kc4 72. a7 Rf6+ 73. Kb7 Rf7+ 74. Ka6 Rf8 75. Kb7 Kb5 76. a8Q Rf7+ 77. Kc8 Rf8+ 1/2-1/2

[Event "Wch U20 49th"]
[Site "Chotowa"]
[Date "2010.08.12"]
[Round "9"]
[White "Pecha, Tomas"]
[Black "Casanova, Fernando Ricardo So"]
[Result "1/2-1/2"]
[WhiteElo "2187"]
[BlackElo "2074"]
[PlyCount "44"]
[EventDate "2010.08.03"]
[EventType "swiss"]
[EventRounds "13"]
[EventCountry "POL"]
[SourceTitle "CBM 137 Extra"]
[Source "ChessBase"]
[SourceDate "2010.09.01"]
[SourceVersion "1"]
[SourceVersionDate "2010.09.01"]
[SourceQuality "1"]

1. e4 d6 2. d4 Nf6 3. Nc3 g6 4. Be3 c6 5. h3 Bg7 6. Qd2 b5 7. Bd3 Nbd7 8. g4 h5 9. g5 Nh7 10. f4 a6 11. Nf3 Bb7 12. 0-0 c5 13. d5 Qc7 14. Nd1 c4 15. Be2 Nc5 16. Bxc5 dxc5 17. c3 Rd8 18. Qe3 0-0 19. Nh4 Rfe8 20. Nf2 e6 21. d6 Qxd6 22. Rfd1 Qe7 1/2-1/2

[Event "Wch U20 49th"]
[Site "Chotowa"]
[Date "2010.08.05"]
[Round "3"]
[White "Kriebel, Tadeas"]
[Black "Casanova, Fernando Ricardo So"]
[Result "1-0"]
[WhiteElo "2320"]
[BlackElo "2074"]
[PlyCount "51"]
[EventDate "2010.08.03"]
[EventType "swiss"]
[EventRounds "13"]
[EventCountry "POL"]
[SourceTitle "CBM 137 Extra"]
[Source "ChessBase"]
[SourceDate "2010.09.01"]
[SourceVersion "1"]
[SourceVersionDate "2010.09.01"]
[SourceQuality "1"]

1. d4 Nf6 2. c4 g6 3. Nc3 Bg7 4. e4 d6 5. Nf3 0-0 6. Be2 e5 7. 0-0 Nc6 8. d5 Ne7 9. Ne1 Nd7 10. Nd3 f5 11. Bd2 Nf6 12. f3 f4 13. c5 g5 14. Rc1 h5 15. cxd6 cxd6 16. Nf2 a6 17. a4 Qe8 18. h3 Qg6 19. Qb3 g4 20. fxg4 hxg4 21. hxg4 Nxg4 22. Nxg4 Bxg4 23. Bxg4 Qxg4 24. Qd1 Qg5 25. Qf3 Rf6 26. Nd1 1-0

[Event "Setubal District-ch U18"]
[Site "Moita"]
[Date "2007.02.??"]
[Round "3"]
[White "Povoa, Mario Monteiro Mart"]
[Black "Casanova, Fernando Ricardo So"]
[Result "0-1"]
[WhiteElo "1603"]
[BlackElo "1976"]
[PlyCount "48"]
[EventDate "2007.02.02"]
[EventType "swiss"]
[EventRounds "4"]
[EventCountry "POR"]
[SourceTitle "EXT 2023"]
[Source "ChessBase"]
[SourceDate "2022.10.05"]
[SourceVersion "1"]
[SourceVersionDate "2022.10.05"]
[SourceQuality "1"]

1. e4 d6 2. d4 Nf6 3. Nc3 g6 4. Nf3 Bg7 5. Bd3 0-0 6. h3 c6 7. Be3 Qc7 8. Qd2 Nbd7 9. Bh6 e5 10. Bxg7 Kxg7 11. dxe5 dxe5 12. 0-0 a5 13. Ne2 Nc5 14. Ng3 Ne6 15. Qc3 Nd7 16. Nh2 Nf4 17. Ne2 Nxe2+ 18. Bxe2 f5 19. h4 Re8 20. h5 Nf8 21. hxg6 hxg6 22. Bg4 fxg4 23. Nxg4 Bxg4 24. f3 Bd7 0-1